|
|
|
|
| LEADER |
02204nam a2200349 u 4500 |
| 001 |
10088163 |
| 003 |
upatras |
| 005 |
20210117202701.0 |
| 008 |
101201s2010 gr gre |
| 020 |
|
|
|a 9789605301132
|
| 040 |
|
|
|a GR-PaULI
|c GR-PaULI
|
| 041 |
0 |
|
|a gre
|
| 082 |
0 |
4 |
|a 792.8
|
| 245 |
1 |
0 |
|a Χορός και αφηγηματικότητα
|b πρακτικά Διεθνούς Ημερίδας, Τετάρτη 27 Μα΅ιου 2009, Συνεδριακό Κέντρο του Πανεπιστημίου Πατρών
|c ; επιστημονική επιμέλεια Κάτια Σαβράμη
|
| 260 |
|
|
|a Πάτρα
|b Εκδόσεις Πανεπιστημίου Πατρών
|c 2010
|
| 300 |
|
|
|a 113 σ.
|c 22 εκ.
|e 1 DVD-R
|
| 504 |
|
|
|a Περιλαμβάνει βιβλιογραφία
|
| 650 |
|
4 |
|a Χορός
|x Συνέδρια
|9 91013
|
| 650 |
|
4 |
|a Χορός και αφηγηματικότητα
|9 91014
|
| 650 |
|
4 |
|a Χορός
|x
|9 91015
|
| 700 |
1 |
|
|a Σαβράμη, Κάτια
|4 edt
|9 22828
|
| 852 |
|
|
|a GR-PaULI
|b ΠΑΤΡΑ
|b ΒΚΠ
|b ΒΣ1
|k ΑΕΧΕ
|h 792.8 ΧΟΡ
|m 105776
|p 025000200122
|t 4
|
| 852 |
|
|
|a GR-PaULI
|b ΠΑΤΡΑ
|b ΒΚΠ
|b ΒΣ1
|k ΑΣΧΕ
|h 792.8 ΧΟΡ
|m 105775
|p 025000200121
|t 3
|
| 852 |
|
|
|a GR-PaULI
|b ΠΑΤΡΑ
|b ΘΕΑΤΡΟΛΟΓΙΑ
|k ΑΣΧΕ
|h 792.8 ΧΟΡ
|m 11672
|p 025000137047
|t 1
|
| 852 |
|
|
|a GR-PaULI
|b ΠΑΤΡΑ
|b ΘΕΑΤΡΟΛΟΓΙΑ
|k ΑΣΧΕ
|h 792.8 ΧΟΡ
|m 11673
|p 025000137048
|t 2
|
| 942 |
|
|
|2 ddc
|c BK7
|
| 952 |
|
|
|0 0
|1 0
|4 0
|6 792_800000000000000_ΧΟΡ
|7 0
|9 94903
|a LISP
|b LISP
|c BSC
|d 2016-04-24
|i 105776
|l 0
|o 792.8 ΧΟΡ
|p 025000200122
|r 2019-12-16 00:00:00
|t 4
|w 2016-04-24
|y BK7
|
| 952 |
|
|
|0 0
|1 0
|4 0
|6 792_800000000000000_ΧΟΡ
|7 0
|9 94904
|a LISP
|b LISP
|c BSC
|d 2016-04-24
|i 105775
|l 2
|m 1
|o 792.8 ΧΟΡ
|p 025000200121
|r 2020-01-13 00:00:00
|s 2019-11-21
|t 3
|w 2016-04-24
|y BK15
|
| 952 |
|
|
|0 0
|1 0
|4 0
|6 792_800000000000000_ΧΟΡ
|7 0
|9 94905
|a THST
|b THST
|d 2016-04-24
|i 11672
|l 1
|o 792.8 ΧΟΡ
|p 025000137047
|r 2024-06-21 00:00:00
|s 2024-05-30
|t 1
|w 2016-04-24
|y BK15
|
| 952 |
|
|
|0 0
|1 0
|4 0
|6 792_800000000000000_ΧΟΡ
|7 0
|9 94906
|a THST
|b THST
|d 2016-04-24
|i 11673
|l 1
|o 792.8 ΧΟΡ
|p 025000137048
|r 2022-05-05 00:00:00
|s 2022-04-13
|t 2
|w 2016-04-24
|y BK15
|
| 998 |
|
|
|c ΜΑΝΙΑ
|d 2010-12
|
| 999 |
|
|
|c 63903
|d 63903
|